| 000 | 01010nam a2200241 i 4500 | ||
|---|---|---|---|
| 001 | 190723 | ||
| 003 | ES-MaACL | ||
| 005 | 20260216063026.0 | ||
| 008 | 220520s1975 sp 000 0 spa | ||
| 080 | _a551.58(460.23)(093.2) | ||
| 100 | 1 |
_aAlbentosa Sánchez, Luis Miguel _9174530 |
|
| 245 | 1 | 4 |
_aLos climas de Cataluña : _bestudio de climatología dinámica / _cLuis Miguel Albentosa Sánchez. |
| 260 |
_aBarcelona : _bUniversidad de Barcelona, [Facultad de Filosofía y Letras], _c1975. |
||
| 300 |
_a32 p. ; _c24 cm. |
||
| 502 | _aTesis-Univ. Barcelona (Extracto) | ||
| 594 | _aPrecede al tít.: Universidad de Barcelona. Secretariado de Publicaciones, Intercambio Científico y Extensión Universitaria | ||
| 651 | 4 |
_aCataluña- _zClima. _9174531 |
|
| 655 |
_aTesis y escritos académicos _9226867 |
||
| 710 | 2 |
_aUniversidad de Barcelona. _bFacultad de Filosofía y Letras. _97149 |
|
| 852 | 4 |
_aES-MaACL _jP-1415 (137) _9197905 _bR-68610 _cDEPO2 |
|
| 942 | _2udc | ||
| 999 |
_c190723 _d190723 |
||